000
00326 a2200157 4500
001
171014
020
_a
040
_c
Magnum
100
_a
Cesar e Sezar
240
1
0
_a
Biologia - volume unico
_l
por
245
1
0
_a
Biologia - volume unico
362
0
_a
1899
440
1
_a
Saraiva
697
_a
PARADIDATICOS
942
_c
BK
999
_c
171014
_d
171014